000 00925nam a22002057a 4500
005 20250915154542.0
008 240321b ||||| |||| 00| 0 eng d
082 _aDPer 621.381 In821 September 2022 v. 37 n. 9
100 _aChen, Wei.
_eauthor.
_955053
245 _aActive damping control for LCL filters with inverter-side current feedback only /
_cWei Chen, Yan Zhang, Yiming Tu, Ke Shen, and Jinjun Liu.
260 _aNew York ;
_bThe Institute of Electrical and Electronics Engineers, Inc. ,
_cSeptember 2022.
300 _aVolume 37, pages 10065-10069
_billustration ;
_c28 cm.
500 _aIEEE Transactions on Power Electronics, vol. 37, no. 9, pages 10065-10069, September 2022.
700 _aChen, Wei.
_eauthor.
_955053
700 _aZhang, Yan.
_eauthor.
_955054
700 _aTu, Yiming.
_eauthor.
_955055
700 _aShen, Ke.
_eauthor.
_955056
700 _aLiu, Jinjun.
_eauthor.
_955057
942 _2ddc
_cPER
999 _c19770
_d19770